| 000 | 01874nam0a2200373 4500 | ||
|---|---|---|---|
| 001 | RU\NLR\bibl\545832 | ||
| 005 | 20260407102508.0 | ||
| 010 |
_a5-86328-665-2 _9100 |
||
| 021 |
_aRU _b2004-37348 _91869 |
||
| 035 | _a(NLR Aleph) 000538041 | ||
| 090 |
_a1395234 _c1395234 |
||
| 100 | _a20040819d2004 |||y0rusy50 ca | ||
| 101 | 0 | _arus | |
| 102 | _aRU | ||
| 105 | _aa ||||||||| | ||
| 200 | 1 |
_aИнтеллектуальное развитие студентов и учащихся в процессе изучения физики, химии и астрономии _eСб. науч. тр. _fМ-во образования Рос. Федерации, Кург. гос. ун-т |
|
| 210 |
_aКурган _cИзд-во Кург. гос. ун-та _d2004 |
||
| 215 |
_a86 с. _cил. _d21 |
||
| 320 | _aБиблиогр. в конце ст. | ||
| 606 | 0 |
_aАстрономия _jСборники _xМетодика преподавания _92035268 _3RU\NLR\auth\661222037 |
|
| 606 | 0 |
_aАстрономия _jСборники _xПреподавание _92035278 _3RU\NLR\auth\661222041 |
|
| 606 | 0 |
_aФизика _jСборники _xМетодика преподавания _9898741 _3RU\NLR\auth\666204 |
|
| 606 | 0 |
_aФизика _jСборники _xПреподавание _91678491 _3RU\NLR\auth\66745021 |
|
| 606 | 0 |
_aХимия _jСборники _xМетодика преподавания _91055091 _3RU\NLR\auth\6690234 |
|
| 606 | 0 |
_aХимия _jСборники _xПреподавание _92155080 _3RU\NLR\auth\661297463 |
|
| 686 | _aЧ426.23я43 | ||
| 686 | _aЧ486.23я43 | ||
| 711 | 0 | 2 |
_aКурганский государственный университет _3RU\NLR\AUTH\889930522 _9356586 |
| 801 | 0 |
_aRU _bNLR _c20040819 _gPSBO |
|
| 801 | 1 |
_aRU _bNLR _c20040819 |
|
| 942 | _cBOOK | ||
| 980 | _aNB | ||
| 980 | _aNBR | ||